Текст томруулах:    
Handbook of organizational consultation (Бичлэгийн дугаар. 145570)
000 -УДИРДЛАГА
Удирдлага 00728nam a22002537a 4500
003 - ХЯНАЛТЫН ТОО ТОДОРХОЙЛОГЧ
Код MN-UlNUM
005 - БИЧИЛТ ХИЙСЭН ОГНОО
Тухайн бичилтийг бичсэн засварласан сүүлийн огноо 20251113121148.0
008 - ЕРӨНХИЙ МЭДЭЭЛЭЛ
Ерөнхий мэдээлэл 251113s1993 nyua b 001 0 eng
020 ## - ISBN
ISBN 0824786904
-- 0824786908
040 ## - БИЧЛЭГ ҮҮСГЭГЧ БАЙГУУЛЛАГА
Бичлэг үүсгэгч номын сангийн код МУИС-ийн номын сан
084 ## - ББК АНГИЛАЛ
Нэмэлт тусгалт Сургалтын гарын авлага
ББК ангилал 65.290-2
Зохиогчийн гурван тэмдэгт H 22
Мэдлэгийн ялгаа 65 - Эдийн засаг
245 ## - ҮНДСЭН ГАРЧИГ
Номын нэр Handbook of organizational consultation
Оролцогчдын тухай мэдээ edited by Robert T. Golembiewski
260 ## - ГАРАЛТЫН МЭДЭЭ
Хэвлэгдсэн газар New York
Хэвлэлийн газар M. Dekker
Хэвлэгдсэн он 1993
300 ## - МАТЕРИАЛЫН ТОДОРХОЙЛОЛТ
хуудасны тоо xvi, 801 p. :
Бусад тоон мэдээлэл ill. ;
Хэмжээ 26 cm
500 ## - Тайлбар
Дансны дугаар БС 3819
546 ## - ХЭЛНИЙ ТУХАЙ МЭДЭЭ
Хэл Англи хэл дээр,
653 ## - Түлхүүр үг
Түлхүүр үг consultants
653 ## - Түлхүүр үг
Түлхүүр үг manuals
653 ## - Түлхүүр үг
Түлхүүр үг handbook
700 ## - ХАМ ЗОХИОГЧИД
Ба бус Golembiewski, Robert T
942 ## - ЭЛЕМЕНТИЙН ТӨРӨЛ
Зүйлийн төрөл Ном